000 nam a22 a 4500
999 _c4562
_d4562
003 AKMAL
005 20170531155318.0
008 1 s1996 my l 00 may d
020 _a9677004107 (kkt.):
_cRM 10.50
040 _cAKMAL
082 0 4 _a347.59506 AKT
090 _a347.59506
_bAKT
110 1 _aMalaysia
_9400
240 1 0 _aAkta Keterangan, 1950
245 1 0 _aAkta Keterangan :
_bsemua pindaan hingga April, 1996 Akta 56
260 _aKuala Lumpur :
_bMDC Penerbit Pencetak ,
_c1996
300 _aviii, 67ms. ;
_c26cm
440 0 _aUNDANG-UNDANG MALAYSIA
_98797
650 _aEvidence (Law)
_zMalaysia
_98308
650 _aConfession (Law)
_zMalaysia
_98728
942 _2ddc
_cBOOK